Señorío y feudalismo / (Record no. 36811)

MARC details
000 -LEADER
campo de control de longitud fija 00600nam a2200193 i 4500
001 - NÚMERO DE CONTROL
campo de control 36811
003 - IDENTIFICADOR DE NÚMERO DE CONTROL
campo de control ES-MaACL
005 - FECHA Y HORA DE LA ÚLTIMA TRANSACCIÓN
campo de control 20230906155439.0
007 - CAMPO FIJO DE DESCRIPCIÓN FÍSICA--INFORMACIÓN GENERAL
campo de control de longitud fija t|
008 - DATOS DE LONGITUD FIJA--INFORMACIÓN GENERAL
campo de control de longitud fija 030219s1980 sp ||||1| spa d
100 1# - ENTRADA PRINCIPAL--NOMBRE DE PERSONA
Nombre de persona Boutruche, Robert.
9 (RLIN) 31066
245 10 - MENCIÓN DEL TÍTULO
Título Señorío y feudalismo /
Mención de responsabilidad, etc. por Robert Boutruche ; [traducción Margarita B. Pontieri].
250 ## - MENCION DE EDICION
Mención de edición [3ª ed.].
260 ## - PUBLICACIÓN, DISTRIBUCIÓN, ETC.
Lugar de publicación, distribución, etc. [Madrid, etc.] :
Nombre del editor, distribuidor, etc. Siglo Veintiuno,
Fecha de publicación, distribución, etc. [1980]
300 ## - DESCRIPCIÓN FÍSICA
Extensión 348 p. ;
Dimensiones 21 cm.
505 8# - NOTA DE CONTENIDO CON FORMATO
Nota de contenido con formato [V.] 1: Los vínculos de dependencia
700 1# - ENTRADA AGREGADA--NOMBRE PERSONAL
Nombre de persona Pontieri, Margarita B.
9 (RLIN) 93062
852 ## - LOCALIZACIÓN
Ubicación ES-MaACL
Número de control de estantería L-217
Sublocalización o colección R.101198
Holdings
Estatus retirado Estado de pérdida Estado de daño No para préstamo Biblioteca de origen Biblioteca actual Ubicación en estantería Fecha de adquisición Fuente de adquisición Total de préstamos Signatura topográfica completa Código de barras Visto por última vez Precio de reemplazo Tipo de ítem Koha
        Biblioteca del Ateneo de Madrid Biblioteca del Ateneo de Madrid Depósito 2 17/01/2008     L-217 1038709 23/02/2023 23/02/2023 Libro impreso